000 01048nam a22003137a 4500
003 CHAP
005 20220329140155.0
008 971013s r 00010 d
010 _a48057
011 _a49029
035 _a53177
040 _cCHAP
090 _aR-2020
100 0 0 _aVavilov, Nicolai Ivanovich.
_9118213
245 _aCentros mundiales de origen de las plantas cultivadas
500 _a1951
500 _aSobretiro de: Vavilov, N.I. The origin, immunity and breedings of cultivated plants. New York, Ronald Press
590 _aBATCH-UPD
_b10
_c20130110
_lUCH01
_h1204
590 _aBATCH-UPD
_b10
_c20130410
_lUCH01
_h0746
590 _aBATCH-UPD
_b10
_c20130914
_lUCH01
_h1415
590 _aCONVERSION
_b10
_c20130109
_lUCH01
_h1326
650 1 4 _aFitogeografía.
_941157
650 1 4 _aPlantas cultivadas
_xHistoria.
_988931
901 _aBK
942 _cFOLL
949 _aR-2020
_bBC
_cR
_d-118076
_eTS1
_i53177
_si
949 _aR-2020
_bBC
_cR
_d-118077
_eTS2
_fc.2
_i53177
_si
949 _aR-2020
_bBC
_cR
_d-118078
_eTS2
_fc.3
_i53177
_si
999 _c48057
_d48057